Consumer-driven innovation in food and personal care products /

Experts from around the world present changes in the global marketplace and developments in research methodologies underpinning new product development (NPD) in this essential collection. The business and marketing aspects of NPD, sometimes neglected in books of this type, are addressed alongside me...

Full description

Bibliographic Details
Corporate Authors: Knovel (Firm), New Zealand. Plant & Food Research
Other Authors: Jaeger, Sara R., MacFie, H. J. H.
Format: eBook
Language:English
Published: Oxford : Woodhead Pub., 2010.
Series:Woodhead Publishing in food science, technology, and nutrition ; no. 195.
Subjects:
Online Access:Connect to the full text of this electronic book

MARC

Tag First Indicator Second Indicator Subfields
LEADER 00000cam a2200000Ia 4500
001 in00003833607
005 20190415175843.0
006 m o d
007 cr cnu||||||||
008 111215s2010 enka ob 001 0 eng d
019 |a 828743819 
020 |a 1845699971  |q (electronic bk.) 
020 |a 9781845699970  |q (electronic bk.) 
020 |a 1845695674  |q (electronic bk.) 
020 |a 9781845695675  |q (electronic bk.) 
020 |z 1613443528 
020 |z 9781613443521 
035 |a (OCoLC)ocn768384960 
035 |a (OCoLC)768384960  |z (OCoLC)828743819 
040 |a HNK  |b eng  |e pn  |c HNK  |d HNK  |d KNOVL  |d OHS  |d OCLCQ  |d YDXCP  |d KNOVL  |d IDEBK  |d OPELS  |d ZCU  |d COO  |d KNOVL  |d E7B  |d N$T  |d OCLCQ  |d OCLCO  |d OCLCQ  |d STF  |d OCLCQ  |d UtOrBLW 
049 |a TXAM 
050 4 |a TP370.5  |b .C675 2010eb 
060 4 |a TP370.5 
072 7 |a TEC  |x 012000  |2 bisacsh 
082 0 4 |a 664  |2 23 
245 0 0 |a Consumer-driven innovation in food and personal care products /  |c edited by Sara R. Jaeger and Hal MacFie. 
264 1 |a Oxford :  |b Woodhead Pub.,  |c 2010. 
300 |a 1 online resource (xxxii, 645 pages) :  |b illustrations. 
336 |a text  |b txt  |2 rdacontent 
337 |a computer  |b c  |2 rdamedia 
338 |a online resource  |b cr  |2 rdacarrier 
490 1 |a Woodhead Publishing series in food science, technology and nutrition,  |x 2042-8049 ;  |v no. 195 
500 |a "Plant & Food Research, Rangahau Ahumara Kai." 
504 |a Includes bibliographical references and index. 
588 0 |a Online resource; title from PDF title page (Knovel, viewed Dec. 15, 2011). 
520 |a Experts from around the world present changes in the global marketplace and developments in research methodologies underpinning new product development (NPD) in this essential collection. The business and marketing aspects of NPD, sometimes neglected in books of this type, are addressed alongside methods for product testing. Trends, processes and perspectives in consumer-driven NPD in the food and personal care product industries are addressed in the opening chapters of the book. Specific topics include evolution in food retailing and advances in concept research. Hedonic testing is the focus of the next section. Different viewpoints on consumer research methods and statistics for NPD are reviewed in later chapters. The final part of the book looks towards the future of innovation, covering the implications for NPD of topics such as human genetic variation in taste perception and neuroimaging. Several chapters are not standard scientific articles. Rather they are written records of conversations between two people on a particular topic related to consumer-driven innovation in foods and personal care products. In them the interviewees speak freely about their views and experiences in NPD, providing unique insights. Consumer-driven innovation in food and personal care products will broaden readers' understanding of the many approaches available to NPD personnel and ways in which they can be used to support innovation activities. Provides expert insight into the changes in the global market place and developments in research methodologies underpinning NPDExamines the business and marketing aspects of NPD, sometimes neglected in books of this type, are addressed alongside methods for product testingChapters review the different viewpoints on consumer research methods and statistics for NPD. 
505 0 |a pt. I. New product development head-on : trends, processes and perspectives -- pt. II. Hedonic scaling in new product development : past, present and future -- pt. III. Consumer research methods in new product development -- pt. IV. Statistics and new product development -- pt. V. New product development in the future : new consumer trends, new science. 
500 |a Electronic resource. 
650 0 |a Food industry and trade  |x Technological innovations. 
650 0 |a Cosmetics  |x Technological innovations. 
650 2 |a Food Industry.  |0 https://id.nlm.nih.gov/mesh/D019649 
650 7 |a TECHNOLOGY & ENGINEERING  |x Food Science.  |2 bisacsh 
655 7 |a Electronic books.  |2 local 
700 1 |a Jaeger, Sara R.  |0 http://id.loc.gov/authorities/names/no2011096952 
700 1 |a MacFie, H. J. H.  |0 http://id.loc.gov/authorities/names/n88294564 
710 2 |a Knovel (Firm)  |0 http://id.loc.gov/authorities/names/nr2001027264 
710 1 |a New Zealand.  |b Plant & Food Research.  |0 http://id.loc.gov/authorities/names/no2009081831 
830 0 |a Woodhead Publishing in food science, technology, and nutrition ;  |v no. 195.  |0 http://id.loc.gov/authorities/names/no2006063295 
856 4 0 |u http://proxy.library.tamu.edu/login?url=http://app.knovel.com/hotlink/toc/id:kpCDIFPCP2/consumer-driven-innovation  |z Connect to the full text of this electronic book  |t 0 
999 f f |s 785b9ae2-928f-326d-8b48-dc29496b94f7  |i d176fa7b-aa4d-3879-8cf7-8cd4f4877c1f  |t 0 
952 f f |a Texas A&M University  |b College Station  |c Electronic Resources  |d Available Online  |t 0  |e TP370.5 .C675 2010eb  |h Library of Congress classification 
998 f f |a TP370.5 .C675 2010eb  |t 0  |l Available Online